000 00666nam a2200181Ia 4500
008 090124s9999 xx 000 0 und d
082 _b101589
100 _aदेशपांडे माधव का.
245 _a प्रा. फडके चरित्र आणि वाङमय
250 _a1
260 _c1939
300 _a404
600 _aदेशपांडे माधव का.
630 _a प्रा. फडके चरित्र आणि वाङमय
700 _aदेशपांडे माधव का.
730 _a प्रा. फडके चरित्र आणि वाङमय
942 _cBOOK
999 _c147681
_d147681